000 00254nam a2200109Ia 4500
008 200302s9999 xx 000 0 und d
100 _aGareth Covington
245 _aLand Management
260 _bApple Acadmics Press Inc.
260 _c2010
300 _a303
999 _c6456
_d6456